Sistema moderno de procesamiento de datos (Registro nro. 8196)
[ vista simple ]
| 000 -LEADER | |
|---|---|
| fixed length control field | 01615 a2200229 4500 |
| 001 - CONTROL NUMBER | |
| control field | 63511 |
| 005 - DATE AND TIME OF LATEST TRANSACTION | |
| control field | 20260407155932.0 |
| 008 - FIXED-LENGTH DATA ELEMENTS--GENERAL INFORMATION | |
| fixed length control field | 260407a1971 arg spa d |
| 003 - CONTROL NUMBER IDENTIFIER | |
| control field | AR-UNSa-BCEJYS |
| 040 ## - CATALOGING SOURCE | |
| Original cataloging agency | AR-UNSa-BCEJYS |
| Language of cataloging | spa |
| Transcribing agency | AR-UNSa-BCEJYS |
| 080 ## - UNIVERSAL DECIMAL CLASSIFICATION NUMBER | |
| Universal Decimal Classification number | 004.42 |
| Common auxiliary subdivision | Programación de ordenadores. Programas de ordenador |
| 041 ## - LANGUAGE CODE | |
| Language code of text/sound track or separate title | spa |
| 100 1# - MAIN ENTRY--PERSONAL NAME | |
| Personal name | Arnold, Robert R. |
| 245 10 - TITLE STATEMENT | |
| Title | Sistema moderno de procesamiento de datos |
| 264 #1 - PRODUCTION, PUBLICATION, DISTRIBUTION, MANUFACTURE, AND COPYRIGHT NOTICE | |
| Place of production, publication, distribution, manufacture | México : |
| Name of producer, publisher, distributor, manufacturer | Limusa-Wiley |
| Date of production, publication, distribution, manufacture, or copyright notice | 1971 |
| 300 ## - PHYSICAL DESCRIPTION | |
| Extent | 387 p. |
| Dimensions | 24 cm. |
| 505 ## - FORMATTED CONTENTS NOTE | |
| Formatted contents note | 1. Alcance y significado del procesamiento de datos - 2. Historia del procesamiento de datos - 3. Organización comercia y fuentes de datos - 4. Procesamiento manual y mecánico de datos - 5. Registros unitarios con tarjetas perforadas - 6. Funciones de registro con tarjetas perforadas - 7. Funciones manipulativas de tarjetas perforadas - 8. Sumarización y reporte con tarjetas perforadas - 9. Desarrollo de procedimientos por medio de tarjetas perforadas - 10. Recolección de datos - 11. Procesamiento electrónico de datos: Introducción y dispositivos de entrada-salida - 12. Dispositivos de almacenamiento de PED - 13. Unidad central de procesamiento de un sistema de PED - 14. Desarrollo de programas de PED - 15. Sistemas de programación - 16. Lenguajes de programación orientados a problemas - 17. Operaciones de procesamiento electrónico de datos - 18. Comunicación de datos - 19. Computadoras y automatización - 20. Estudio y diseño de sistemas - |
| 590 ## - LOCAL NOTE (RLIN) | |
| Local note | niveau_biblio:m niveau_hierar:0 |
| 700 1# - ADDED ENTRY--PERSONAL NAME | |
| Personal name | Hill, Harold C. |
| 700 1# - ADDED ENTRY--PERSONAL NAME | |
| Personal name | Nichols, Aylmer V. |
| 942 ## - ADDED ENTRY ELEMENTS (KOHA) | |
| Koha item type | |
| Withdrawn status | Lost status | Damaged status | Not for loan | Home library | Current library | Shelving location | Date acquired | Total checkouts | Full call number | Barcode | Date last seen | Price effective from | Koha item type |
|---|---|---|---|---|---|---|---|---|---|---|---|---|---|
| Biblioteca Prof. Eusebio Cleto del Rey | Biblioteca Prof. Eusebio Cleto del Rey | 07/04/2026 | 004.42 A751 | L24210 | 07/04/2026 | 07/04/2026 | Libro | ||||||
| Biblioteca Prof. Eusebio Cleto del Rey | Biblioteca Prof. Eusebio Cleto del Rey | 07/04/2026 | 004.42 A751 | L24345 | 07/04/2026 | 07/04/2026 | Libro | ||||||
| Biblioteca Prof. Eusebio Cleto del Rey | Biblioteca Prof. Eusebio Cleto del Rey | 07/04/2026 | 004.42 A751 | L24344 | 07/04/2026 | 07/04/2026 | Libro |